| 000 | 00649nam a22002297a 4500 | ||
|---|---|---|---|
| 003 | OSt | ||
| 005 | 20150519163618.0 | ||
| 008 | 130208t xxu||||| |||| 00| 0 eng d | ||
| 020 | _a9716857238 | ||
| 050 |
_aLC 4015 _b.D37 2010 |
||
| 100 | _aDañocup, O Beriones. | ||
| 245 |
_aClassroom management : _bpreparing special education teachers / _cO Beriones Dañocup. |
||
| 260 |
_aQuezon City : _bLorimar Pub., _c2010. |
||
| 300 |
_aix, 178 pages : _billustrations ; _c26 cm. |
||
| 650 | _aClassroom management. | ||
| 942 |
_2lcc _cBK _kLOC |
||
| 999 |
_c284025 _d284025 |
||